Machine learning system design : with end-to-end examples /

"Designing and delivering a machine learning system is an intricate multistep process that requires many skills and roles. Whether you're an engineer adding machine learning to an existing application or designing a ML system from the ground up, you need to navigate massive datasets and st...

Full description

Bibliographic Details
Main Authors: Babushkin, Valerii (Author), Kravchenko, Arseny (Author)
Format: Book
Language:English
Published: Shelter Island, NY : Manning, ©2025
Subjects:
Related Items:Online version: Machine learning system design.
Classic Catalogue: View this record in Classic Catalogue
LEADER 04800nam a22004577i 4500
001 44746
003 BD-DhAAL
005 20250909125424.0
008 250909t20252025nyua 001 0 eng d
010 |a  2025388480 
020 |a 9781633438750 
020 |a 1633438759 
035 |a 24197169 
035 |a (OCoLC)1499838389 
040 |a NjBwBT  |b eng  |e rda  |c OQX  |d OCLCO  |d BDX  |d JRZ  |d IND  |d OCLCQ  |d DLC  |d BD-DhAAL 
042 |a lccopycat 
050 0 0 |a Q325.5  |b .B235 2025 
082 0 4 |a 006.31  |2 23 
100 1 |a Babushkin, Valerii,  |e author.  |9 59265 
245 1 0 |a Machine learning system design :  |b with end-to-end examples /  |c Valerii Babushkin, Arseny Kravchenko. 
260 |a Shelter Island, NY :  |b Manning,  |c ©2025 
300 |a xxi, 351 pages :  |b illustrations ;  |c 24 cm 
500 |a Includes index. 
505 0 |a Part 1. Preparations. Essentials of machine learning system design -- Is there a problem? -- Preliminary research -- Design document -- Part 2. Early stage. Loss functions and metrics -- Gathering datasets -- Validation schemas -- Baseline solution -- Part 3. Intermediate steps. Error analysis -- Training pipelines -- Features and feature engineering -- Measuring and reporting results -- Part 4. Integration and growth. Integration -- Monitoring and reliability -- Serving and inference optimization -- Ownership and maintenance. 
520 |a "Designing and delivering a machine learning system is an intricate multistep process that requires many skills and roles. Whether you're an engineer adding machine learning to an existing application or designing a ML system from the ground up, you need to navigate massive datasets and streams, lock down testing and deployment requirements, and master the unique complexities of putting ML models into production. That's where this book comes in. Machine Learning System Design shows you how to design and deploy a machine learning project from start to finish. You'll follow a step-by-step framework for designing, implementing, releasing, and maintaining ML systems. As you go, requirement checklists and real-world examples help you prepare to deliver and optimize your own ML systems. You'll especially love the campfire stories and personal tips, and ML system design interview tips"-- 
526 |a CSE  |x Annajiat Alim Rasel Senior Lecturer Department of Department of Computer Science & Engineering course name and no: Machine Learning (CSE 427) 
541 |a Trim education  |e 44746 
650 0 |a Machine learning  |x Design.  |9 59266 
650 0 |a Machine learning. 
650 0 |a System design. 
650 6 |a Apprentissage automatique.  |9 59267 
650 6 |a Computer science.  |9 59268 
700 1 |a Kravchenko, Arseny,  |e author.  |9 59269 
776 0 8 |i Online version:  |a Babushkin, Valerii.  |t Machine learning system design.  |b [First edition].  |d Shelter Island, NY : Manning Publications, [2025]  |z 9781633438750  |w (OCoLC)1498526194 
942 |2 ddc  |c BK 
999 |c 47428  |d 47428 
952 |0 0  |1 0  |2 ddc  |4 0  |6 006_310000000000000_BAB  |7 0  |9 78067  |a BRACUL  |b BRACUL  |c GEN  |d 2025-09-02  |e Trim Education  |g 8500.00  |l 1  |m 30  |o 006.31 BAB  |p 3010044748  |q 2026-04-23  |r 2025-09-20  |s 2025-09-20  |t 3  |v 8500.00  |w 2025-09-02  |y BK  |x Requisitioned by Annajiat Alim Rasel (Senior Lecturer Department of Computer Science & Engineering For the course named- Machine Learning ‘’ (CSE 427)’’ 
952 |0 0  |1 0  |2 ddc  |4 0  |6 006_310000000000000_BAB  |7 0  |9 78068  |a BRACUL  |b BRACUL  |c GEN  |d 2025-09-02  |e Trim Education  |g 8500.00  |l 2  |m 2  |o 006.31 BAB  |p 3010044750  |q 2026-06-02  |r 2026-05-02  |s 2026-05-02  |t 5  |v 1700.00  |w 2025-09-02  |y BK  |x Requisitioned by Annajiat Alim Rasel (Senior Lecturer Department of Computer Science & Engineering For the course named- Machine Learning ‘’ (CSE 427)’’ 
952 |0 0  |1 0  |2 ddc  |4 0  |6 006_310000000000000_BAB  |7 0  |9 78069  |a BRACUL  |b BRACUL  |c GEN  |d 2025-09-02  |e Trim Education  |g 8500.00  |l 2  |m 15  |o 006.31 BAB  |p 3010044749  |r 2026-05-03  |s 2025-12-30  |t 4  |v 1700.00  |w 2025-09-02  |y BK  |x Requisitioned by Annajiat Alim Rasel (Senior Lecturer Department of Computer Science & Engineering For the course named- Machine Learning ‘’ (CSE 427)’’ 
952 |0 0  |1 0  |2 ddc  |4 0  |6 006_310000000000000_BAB  |7 0  |9 78070  |a BRACUL  |b BRACUL  |c GEN  |d 2025-09-02  |e Trim Education  |g 8500.00  |l 1  |m 15  |o 006.31 BAB  |p 3010044747  |r 2026-02-03  |s 2025-09-22  |t 2  |v 1700.00  |w 2025-09-02  |y BK  |x Requisitioned by Annajiat Alim Rasel (Senior Lecturer Department of Computer Science & Engineering For the course named- Machine Learning ‘’ (CSE 427)’’ 
952 |0 0  |1 0  |2 ddc  |4 0  |6 006_310000000000000_BAB  |7 0  |9 78071  |a BRACUL  |b BRACUL  |c NEW  |d 2025-09-02  |e Trim Education  |g 8500.00  |l 1  |m 18  |o 006.31 BAB  |p 3010044746  |r 2026-04-08  |s 2025-10-23  |t 1  |v 1700.00  |w 2025-09-02  |y BK  |x Requisitioned by Annajiat Alim Rasel (Senior Lecturer Department of Computer Science & Engineering For the course named- Machine Learning ‘’ (CSE 427)’’